000 00681nam a2200253Ia 4500
003 OSt
005 20221005080759.0
006 a|||||r|||| 00| 0
007 ta
008 221004b |||||||| |||| 00| 0 eng d
024 _a60136
037 _cTextual
040 _aCRL
_cCRL
_beng
041 _2eng
_aeng
082 _aV2:47:N8, M5
100 _aMehta Haroobhai Ed.
_9413101
245 0 _aDynamics of reservation policy
260 _aNew Delhi
_bPatriot
_c1985
300 _a320p.
_ccm.
650 _aHISTORY
700 _a Patel Hasmukh Ed.
942 _hV2:47:N8, M5
_cTEXL
_2cc
999 _c986695
_d986695